000 00473nam a2200193 a 4500
001 8000
003 CO-ViMGA
008 141112s2004 ck r 000 u spa d
020 _a8428105243
040 _aCO-ViMGA
_bspa
_cCO-ViMGA
082 0 4 _a414 D822
100 1 _aDuchet, Jean - Louis
_97577
245 1 0 _aLa FonologĂ­a
260 _aBarcelona (E),
_cOikos Tau,
_c1982
300 _a129.p.
650 1 4 _aFONética
_97578
650 1 4 _aFONOLOGIA
_97579
942 _2ddc
_cBK
999 _c19823
_d19823